UM Logo

Teacher instructional effectiveness, psychological needs and procrastination behavior among freshmen in um digos: A mediation analysis (Record no. 24486)

MARC details
000 -LEADER
fixed length control field 00797nam a22001817a 4500
005 - DATE AND TIME OF LATEST TRANSACTION
control field 20260330111249.0
008 - FIXED-LENGTH DATA ELEMENTS--GENERAL INFORMATION
fixed length control field 260326b |||||||| |||| 00| 0 eng d
082 ## - DEWEY DECIMAL CLASSIFICATION NUMBER
Edition number UT 1582 C161 2021
100 ## - MAIN ENTRY--PERSONAL NAME
Personal name Candones, Ann Julie T.
9 (RLIN) 70177
245 ## - TITLE STATEMENT
Title Teacher instructional effectiveness, psychological needs and procrastination behavior among freshmen in um digos: A mediation analysis
Statement of responsibility, etc. Ann Julie T. Candones, Cen Emilio Maglasang, Jan Lloyd U. Serrano.
260 ## - PUBLICATION, DISTRIBUTION, ETC. (IMPRINT)
Place of publication, distribution, etc. Digos city:
Name of publisher, distributor, etc. UMDC,
Date of publication, distribution, etc. ©June 2021.
300 ## - PHYSICAL DESCRIPTION
Extent ix, 82 pages :
Other physical details illustration (some colors) :
Dimensions 30 Cm.
500 ## - GENERAL NOTE
General note Includes references and appendices.
650 #0 - SUBJECT ADDED ENTRY--TOPICAL TERM
Topical term or geographic name as entry element Education
General subdivision Undergraduate.
9 (RLIN) 70178
700 ## - ADDED ENTRY--PERSONAL NAME
Personal name Maglasang, Cen Emilio.
Relator term researcher.
9 (RLIN) 70179
700 ## - ADDED ENTRY--PERSONAL NAME
Personal name Serrano, Jan Lloyd U.
Relator term researcher.
9 (RLIN) 70180
942 ## - ADDED ENTRY ELEMENTS (KOHA)
Source of classification or shelving scheme Dewey Decimal Classification
Koha item type Undergraduate Thesis
Holdings
Withdrawn status Lost status Source of classification or shelving scheme Damaged status Not for loan Collection code Home library Current library Total Checkouts Full call number Barcode Date last seen Koha item type
    Dewey Decimal Classification     Undergraduate Theses UM Digos College - LIC UM Digos College - LIC   UT 1582 C161 2021 1582 03/26/2026 Undergraduate Thesis